000 00310nam a2200145Ia 4500
008 150325s9999||||xx |||||||||||||| ||und||
084 _a005.27
100 _aBalagurusamy E.
245 _aProgramming with Java
250 _a4th
260 _bTata McGraw-Hill
260 _c2010
300 _a454
942 _cBK
999 _c918
_d918